[Event "TUR-ch op"]
[Site "Antalya"]
[Date "2008.02.06"]
[Round "5.39"]
[White "Topaloglu, Hayati"]
[Black "Sever, Tayfun"]
[Result "1-0"]
[WhiteElo "1948"]
[BlackElo "1764"]
[PlyCount "157"]
[EventDate "2008.02.04"]
[EventType "swiss"]
[EventRounds "11"]
[EventCountry "TUR"]
[SourceTitle "CBM 122 Extra"]
[Source "ChessBase"]
[SourceDate "2008.03.04"]
[SourceVersion "1"]
[SourceVersionDate "2008.03.04"]
[SourceQuality "1"]

1. e4 c5 2. f4 d5 3. e5 e6 4. c3 Nc6 5. Nf3 Nge7 6. d4 Qb6 7. a3 cxd4 8. cxd4 Nf5 9. Nc3 Nfxd4 10. Nxd4 Qxd4 11. Qf3 Qb6 12. b4 a5 13. b5 Nd4 14. Qd3 a4 15. Rb1 Bc5 16. Be2 Bd7 17. Bd1 Nb3 18. Bxb3 axb3 19. Rxb3 0-0 20. Rf1 Rfc8 21. Rf3 Ra5 22. Bb2 d4 23. Ne4 Bxb5 24. Nxc5 Qxc5 25. Qxd4 Qc2 26. Qd2 Qxd2+ 27. Kxd2 Bc6 28. Rfc3 Rd8+ 29. Rd3 Rxd3+ 30. Rxd3 Kf8 31. g3 Rb5 32. Bc3 Rb1 33. Bb4+ Ke8 34. Kc3 Bd5 35. Kd4 Kd7 36. Rd2 Rc1 37. Bf8 g6 38. Bd6 h5 39. h4 Rc4+ 40. Ke3 b5 41. Bb4 Rc1 42. Rd3 Rc2 43. Kd4 Rc4+ 44. Ke3 Re4+ 45. Kd2 Kc6 46. Bc3 Kd7 47. Rd4 Kc6 48. Kd3 Rxd4+ 49. Kxd4 Bc4 50. a4 Bd5 51. a5 Bc4 52. Bb4 Bf1 53. Bc5 Be2 54. a6 Bf3 55. a7 Kc7 56. Kc3 Bb7 57. Kb4 Kc6 58. Bf2 Ba8 59. Be1 Bb7 60. Bf2 Kd5 61. Kxb5 Ke4 62. Kc5 Kf3 63. Be1 Ke2 64. Kd6 Kxe1 65. Ke7 Kf2 66. Kxf7 Bd5 67. Kxg6 Kxg3 68. Kg5 Be4 69. f5 exf5 70. e6 f4 71. e7 f3 72. e8Q f2 73. Qe5+ Kh3 74. Qxe4 f1Q 75. Qf5+ Qxf5+ 76. Kxf5 Kxh4 77. a8Q Kh3 78. Qf3+ Kh4 79. Qh1+ 1-0

[Event "TUR-ch op"]
[Site "Antalya"]
[Date "2008.02.05"]
[Round "4.61"]
[White "Sever, Tayfun"]
[Black "Cetinkaya, Can"]
[Result "1-0"]
[WhiteElo "1764"]
[BlackElo "1556"]
[PlyCount "67"]
[EventDate "2008.02.04"]
[EventType "swiss"]
[EventRounds "11"]
[EventCountry "TUR"]
[SourceTitle "CBM 122 Extra"]
[Source "ChessBase"]
[SourceDate "2008.03.04"]
[SourceVersion "1"]
[SourceVersionDate "2008.03.04"]
[SourceQuality "1"]

1. e4 d5 2. exd5 Qxd5 3. Nc3 Qa5 4. d4 c6 5. Nf3 Bf5 6. Bd3 Bxd3 7. Qxd3 Nd7 8. 0-0 Ngf6 9. a3 e6 10. Bd2 Qc7 11. Ne2 Bd6 12. h3 0-0 13. c4 Nh5 14. g3 f5 15. c5 Bxg3 16. fxg3 Nxg3 17. Rf2 Rf6 18. Nf4 Ne4 19. Rg2 Nxd2 20. Qxd2 e5 21. dxe5 Nxe5 22. Nxe5 Qxe5 23. Qc3 Qxf4 24. Qxf6 Qe3+ 25. Kh2 Qf4+ 26. Kh1 g6 27. Re1 Qf3 28. Qe6+ Kh8 29. Qe3 Qh5 30. Qc3+ Kg8 31. Re7 Qh6 32. Qe3 Qh4 33. Qb3+ Kh8 34. Qc3+ 1-0